Normal view
MARC view
- Norton, Peter B
Entry Personal Name
001 - CONTROL NUMBER
- control field: 67863
003 - CONTROL NUMBER IDENTIFIER
- control field: NUST
005 - DATE AND TIME OF LATEST TRANSACTION
- control field: 20210628203924.0
008 - FIXED-LENGTH DATA ELEMENTS
- fixed length control field: 210628|| aca||aabn | a|a d
040 ## - CATALOGING SOURCE
- Original cataloging agency: NUST
- Transcribing agency: NUST
100 ## - HEADING--PERSONAL NAME
- Personal name: Norton, Peter B
670 ## - SOURCE DATA FOUND
- Source citation: Work cat.: (NUST): Norton, Peter B, The new encyclopedia britannica , the index a-k, 1994
